| 000 | 00656nam a2200181Ia 4500 | ||
|---|---|---|---|
| 999 |
_c41703 _d41703 |
||
| 003 | GCL | ||
| 005 | 20240530103704.0 | ||
| 008 | 140319s9999 xx 000 0 ara d | ||
| 040 |
_aGCL / _cGCL |
||
| 082 | 0 | 4 |
_a342 _bص خ |
| 100 | 1 | _aصلاح الدين دبوس | |
| 245 | 1 | 0 |
_aالخليفة توليته و عزله : _bاسهام فى النظرية الدستورية الاسلامية : دراسة مقارنة بالنظم الدستورية الغربية / _cصلاح الدين دبوس |
| 300 | _a416 ص | ||
| 650 | 0 | 4 | _aالخلافة |
| 650 | 0 | 4 | _aالقانون العام |
| 650 | 0 | 4 | _aالقانون الدستورى |
| 942 |
_2ddc _cBK |
||